000
00324nam a22001457a 4500
008
221020b ||||| |||| 00| 0 eng d
020
_a
071670689
041
_a
eng
080
_2
SECOND EDITION
_a
579
082
_a
579 SEE
100
_a
17
101
_a
MICRO
245
_a
MICROBES IN ACTION
_c
SEELEY H
942
_2
udc
_c
BK
999
_c
58616
_d
58616